000 00333 a2200109 4500
001 ART_58359
005 20260410161830.0
008 260409a
245 1 0 _aThe human factor in Argentine agriculture
100 1 _aGallacher, Marcos
773 0 _tEstudios Económicos
_g- Vol. 38, Nº 77 (jul./dic. 2021)
_wREV5080
999 _c23100
_d23100